000 00324nam a22001337a 4500
008 181002b xxu||||| |||| 00| 0 eng d
020 _a9781557982735
041 _aeng
080 _a311
100 _a55
101 _asta
245 _aReading And Understanding Multivariate Statistics
_cGrimm.L.G
942 _2udc
_cBK
999 _c48765
_d48765